[Event "Landsturneringen 2017"]
[Site "Clarion Energy Hotel, Stavanger"]
[Date "2017.07.02"]
[Round "3"]
[White "Tryggestad, Andreas G"]
[Black "Mihajlov, Sebastian"]
[Result "1-0"]
[WhiteElo "2314"]
[BlackElo "2414"]
[PlyCount "73"]

1. d4 {[%clk 1:30:57]} Nf6 {[%clk 1:29:24]} 2. c4 {[%clk 1:31:16]} g6
{[%clk 1:29:50]} 3. Nc3 {[%clk 1:31:41]} Bg7 {[%clk 1:30:16]} 4. e4
{[%clk 1:32:05]} d6 {[%clk 1:30:42]} 5. Nf3 {[%clk 1:32:25]} O-O {[%clk 1:31:06]}
6. Be2 {[%clk 1:32:52]} e5 {[%clk 1:31:31]} 7. d5 {[%clk 1:33:18]} Nh5
{[%clk 1:31:00]} 8. O-O {[%clk 1:29:01]} Nf4 {[%clk 1:30:11]} 9. Ne1
{[%clk 1:23:06]} f5 {[%clk 1:27:29]} 10. Nd3 {[%clk 1:22:08]} Nxd3
{[%clk 1:22:38]} 11. Qxd3 {[%clk 1:20:12]} Nd7 {[%clk 1:22:19]} 12. exf5
{[%clk 1:18:17]} gxf5 {[%clk 1:19:06]} 13. f4 {[%clk 1:18:12]} e4
{[%clk 1:19:33]} 14. Qg3 {[%clk 1:17:59]} Nf6 {[%clk 1:14:09]} 15. Be3
{[%clk 1:18:08]} Bd7 {[%clk 1:14:34]} 16. Rad1 {[%clk 1:17:46]} Qe7
{[%clk 1:14:12]} 17. Bd4 {[%clk 1:13:46]} c5 {[%clk 1:06:32]} 18. dxc6
{[%clk 1:14:08]} bxc6 {[%clk 1:06:56]} 19. c5 {[%clk 1:14:33]} d5
{[%clk 1:06:26]} 20. b4 {[%clk 1:13:39]} Kh8 {[%clk 1:05:57]} 21. a4
{[%clk 1:11:57]} a6 {[%clk 1:06:21]} 22. b5 {[%clk 1:08:49]} axb5
{[%clk 1:06:36]} 23. axb5 {[%clk 1:09:17]} cxb5 {[%clk 1:06:52]} 24. Nxd5
{[%clk 1:08:44]} Nxd5 {[%clk 1:06:39]} 25. Bxg7+ {[%clk 1:09:05]} Qxg7
{[%clk 1:07:05]} 26. Qxg7+ {[%clk 1:08:01]} Kxg7 {[%clk 1:07:06]} 27. Rxd5
{[%clk 1:04:26]} Rf7 {[%clk 1:07:26]} 28. Rd6 {[%clk 0:51:59]} Rc8
{[%clk 1:06:10]} 29. Rc1 {[%clk 0:49:01]} Rc6 {[%clk 1:03:28]} 30. Rxd7
{[%clk 0:49:16]} Rxd7 {[%clk 1:03:40]} 31. Bxb5 {[%clk 0:49:44]} Rdc7
{[%clk 1:02:16]} 32. Bxc6 {[%clk 0:50:09]} Rxc6 {[%clk 1:02:41]} 33. Kf2
{[%clk 0:50:28]} Kf6 {[%clk 1:03:06]} 34. Ke3 {[%clk 0:48:54]} Ke6
{[%clk 1:03:11]} 35. g4 {[%clk 0:48:40]} fxg4 {[%clk 1:03:36]} 36. Kxe4
{[%clk 0:49:05]} h5 {[%clk 1:03:59]} 37. f5+ {[%clk 0:47:32]}
1-0

[Event "Landsturneringen 2017"]
[Site "Clarion Energy Hotel, Stavanger"]
[Date "2017.07.02"]
[Round "3"]
[White "Moen, Andreas G.R."]
[Black "Aulin-Jansson, Jøran"]
[Result "1-0"]
[WhiteElo "2330"]
[BlackElo "2267"]
[PlyCount "93"]

1. e4 {[%clk 1:30:40]} d6 {[%clk 1:27:41]} 2. d4 {[%clk 1:30:25]} Nf6
{[%clk 1:28:06]} 3. Nc3 {[%clk 1:30:47]} e5 {[%clk 1:28:31]} 4. Nf3
{[%clk 1:28:09]} Nbd7 {[%clk 1:28:46]} 5. Bc4 {[%clk 1:27:19]} Be7
{[%clk 1:28:54]} 6. O-O {[%clk 1:26:48]} O-O {[%clk 1:29:16]} 7. a4
{[%clk 1:18:52]} c6 {[%clk 1:27:29]} 8. Re1 {[%clk 1:18:14]} a5 {[%clk 1:23:42]}
9. Ba2 {[%clk 1:14:23]} Rb8 {[%clk 1:18:44]} 10. h3 {[%clk 1:08:36]} b5
{[%clk 1:12:24]} 11. axb5 {[%clk 1:05:18]} cxb5 {[%clk 1:12:48]} 12. Nd5
{[%clk 1:05:23]} Nxd5 {[%clk 1:12:33]} 13. Bxd5 {[%clk 1:04:48]} Bf6
{[%clk 1:12:21]} 14. Bd2 {[%clk 0:59:42]} b4 {[%clk 1:10:43]} 15. c3
{[%clk 1:00:02]} Bb7 {[%clk 1:06:38]} 16. Bxb7 {[%clk 0:50:53]} Rxb7
{[%clk 1:04:35]} 17. Qa4 {[%clk 0:51:21]} Nb6 {[%clk 0:45:54]} 18. Qxa5
{[%clk 0:48:58]} Nc4 {[%clk 0:46:17]} 19. Qd5 {[%clk 0:47:37]} Qc7
{[%clk 0:40:21]} 20. cxb4 {[%clk 0:43:50]} Nxd2 {[%clk 0:36:47]} 21. Nxd2
{[%clk 0:44:18]} Rxb4 {[%clk 0:37:07]} 22. Rac1 {[%clk 0:38:37]} Qb8
{[%clk 0:35:27]} 23. Nc4 {[%clk 0:36:34]} exd4 {[%clk 0:33:25]} 24. Nxd6
{[%clk 0:34:20]} d3 {[%clk 0:29:27]} 25. e5 {[%clk 0:27:47]} Bg5 {[%clk 0:29:41]}
26. Rcd1 {[%clk 0:20:26]} d2 {[%clk 0:29:07]} 27. Re4 {[%clk 0:11:43]} Rxb2
{[%clk 0:25:59]} 28. Nxf7 {[%clk 0:08:26]} Rxf7 {[%clk 0:21:25]} 29. e6
{[%clk 0:08:52]} Re7 {[%clk 0:21:26]} 30. Qxg5 {[%clk 0:09:16]} Qd6
{[%clk 0:20:38]} 31. Qe3 {[%clk 0:08:10]} Rb6 {[%clk 0:05:33]} 32. Rd4
{[%clk 0:05:56]} Qxe6 {[%clk 0:05:05]} 33. Rd8+ {[%clk 0:06:20]} Kf7
{[%clk 0:05:31]} 34. Qxd2 {[%clk 0:06:47]} Qf5 {[%clk 0:02:07]} 35. Qa2+
{[%clk 0:05:40]} Qe6 {[%clk 0:02:25]} 36. Qa8 {[%clk 0:05:29]} Qe4
{[%clk 0:02:03]} 37. Rf8+ {[%clk 0:04:16]} Kg6 {[%clk 0:02:31]} 38. Qd8
{[%clk 0:02:42]} Rf6 {[%clk 0:01:17]} 39. Rxf6+ {[%clk 0:01:45]} gxf6
{[%clk 0:01:28]} 40. Rd3 {[%clk 0:01:09]} Re5 {[%clk 0:00:51]} 41. Qg8+
{[%clk 0:22:53]} Kh6 {[%clk 0:30:41]} 42. Qf8+ {[%clk 0:09:39]} Kg6
{[%clk 0:29:19]} 43. Rd7 {[%clk 0:10:06]} h5 {[%clk 0:16:28]} 44. Rg7+
{[%clk 0:08:07]} Kf5 {[%clk 0:16:55]} 45. g4+ {[%clk 0:08:32]} hxg4
{[%clk 0:17:05]} 46. hxg4+ {[%clk 0:08:58]} Ke6 {[%clk 0:17:18]} 47. Qc8+
{[%clk 0:09:20]}
1-0

[Event "Landsturneringen 2017"]
[Site "Clarion Energy Hotel, Stavanger"]
[Date "2017.07.02"]
[Round "3"]
[White "Grønn, Atle"]
[Black "Løvik, Lasse Østebø"]
[Result "1/2-1/2"]
[WhiteElo "2331"]
[BlackElo "2400"]
[PlyCount "60"]

1. Nf3 {[%clk 1:30:58]} Nf6 {[%clk 1:30:54]} 2. c4 {[%clk 1:31:23]} b6
{[%clk 1:31:08]} 3. g3 {[%clk 1:31:24]} Bb7 {[%clk 1:31:31]} 4. Bg2
{[%clk 1:31:49]} g6 {[%clk 1:31:55]} 5. d4 {[%clk 1:31:02]} Bg7 {[%clk 1:32:17]}
6. O-O {[%clk 1:31:27]} O-O {[%clk 1:32:40]} 7. Nc3 {[%clk 1:31:35]} Ne4
{[%clk 1:33:02]} 8. Qc2 {[%clk 1:18:49]} Nxc3 {[%clk 1:32:55]} 9. Qxc3
{[%clk 1:16:58]} d6 {[%clk 1:30:04]} 10. b3 {[%clk 1:10:29]} c5 {[%clk 1:25:00]}
11. Bb2 {[%clk 1:06:51]} cxd4 {[%clk 1:10:20]} 12. Nxd4 {[%clk 1:07:07]} Bxg2
{[%clk 1:10:08]} 13. Kxg2 {[%clk 1:07:34]} Nc6 {[%clk 1:08:41]} 14. Qd2
{[%clk 1:05:29]} Nxd4 {[%clk 1:06:11]} 15. Bxd4 {[%clk 1:05:53]} Qd7
{[%clk 1:04:35]} 16. Bxg7 {[%clk 1:04:05]} Kxg7 {[%clk 1:04:57]} 17. Qd4+
{[%clk 1:02:19]} Kg8 {[%clk 1:05:17]} 18. h4 {[%clk 0:47:23]} h5 {[%clk 0:59:17]}
19. Rfd1 {[%clk 0:42:55]} Rac8 {[%clk 0:56:25]} 20. Qe4 {[%clk 0:40:04]} Rc5
{[%clk 0:55:31]} 21. Rd5 {[%clk 0:39:34]} Rxd5 {[%clk 0:47:56]} 22. Qxd5
{[%clk 0:38:53]} Rc8 {[%clk 0:46:39]} 23. Rd1 {[%clk 0:37:30]} Rc5
{[%clk 0:46:08]} 24. Qe4 {[%clk 0:35:05]} Rc8 {[%clk 0:44:47]} 25. Rd5
{[%clk 0:32:56]} Rc5 {[%clk 0:43:23]} 26. Qf3 {[%clk 0:27:15]} Kg7
{[%clk 0:39:31]} 27. Qc3+ {[%clk 0:26:31]} Kg8 {[%clk 0:39:30]} 28. Qf3
{[%clk 0:25:33]} Kg7 {[%clk 0:39:26]} 29. Qc3+ {[%clk 0:24:58]} Kg8
{[%clk 0:39:49]} 30. Qf3 {[%clk 0:25:01]} Kg7 {[%clk 0:40:13]}
1/2-1/2

[Event "Landsturneringen 2017"]
[Site "Clarion Energy Hotel, Stavanger"]
[Date "2017.07.02"]
[Round "3"]
[White "Machlik, Endre"]
[Black "Fossan, Erik"]
[Result "1/2-1/2"]
[WhiteElo "2194"]
[BlackElo "2347"]
[PlyCount "127"]

1. d4 {[%clk 1:30:57]} Nf6 {[%clk 1:30:59]} 2. c4 {[%clk 1:31:19]} e6
{[%clk 1:31:26]} 3. Nc3 {[%clk 1:31:33]} Bb4 {[%clk 1:31:53]} 4. Qc2
{[%clk 1:31:29]} O-O {[%clk 1:32:12]} 5. a3 {[%clk 1:31:37]} Bxc3+
{[%clk 1:32:37]} 6. Qxc3 {[%clk 1:32:00]} b6 {[%clk 1:32:52]} 7. Bg5
{[%clk 1:31:47]} h6 {[%clk 1:33:15]} 8. Bh4 {[%clk 1:31:18]} Ba6 {[%clk 1:33:35]}
9. e3 {[%clk 1:27:20]} d6 {[%clk 1:33:41]} 10. Bd3 {[%clk 1:23:55]} Nbd7
{[%clk 1:33:59]} 11. Nf3 {[%clk 1:22:39]} c5 {[%clk 1:34:03]} 12. O-O
{[%clk 1:21:46]} cxd4 {[%clk 1:20:10]} 13. exd4 {[%clk 1:21:39]} Rc8
{[%clk 1:20:15]} 14. Qb3 {[%clk 1:18:31]} Qc7 {[%clk 0:48:16]} 15. Rac1
{[%clk 1:14:25]} d5 {[%clk 0:47:01]} 16. Qa4 {[%clk 1:09:10]} Bxc4
{[%clk 0:36:03]} 17. Bxc4 {[%clk 0:34:37]} dxc4 {[%clk 0:36:08]} 18. Bxf6
{[%clk 0:32:32]} Nxf6 {[%clk 0:34:58]} 19. Ne5 {[%clk 0:32:28]} Qd6
{[%clk 0:27:58]} 20. Rxc4 {[%clk 0:30:14]} Rxc4 {[%clk 0:27:04]} 21. Qxc4
{[%clk 0:30:02]} Rd8 {[%clk 0:27:21]} 22. Nf3 {[%clk 0:27:37]} g5
{[%clk 0:24:09]} 23. h3 {[%clk 0:22:55]} Qf4 {[%clk 0:22:23]} 24. Re1
{[%clk 0:10:22]} Rd7 {[%clk 0:12:24]} 25. Re5 {[%clk 0:00:49]} Kg7
{[%clk 0:12:47]} 26. Qc6 {[%clk 0:00:42]} Rxd4 {[%clk 0:12:45]} 27. g3
{[%clk 0:00:39]} Rd1+ {[%clk 0:11:41]} 28. Kg2 {[%clk 0:00:35]} Qc1
{[%clk 0:12:09]} 29. Qb5 {[%clk 0:00:36]} Rd5 {[%clk 0:07:33]} 30. Rxd5
{[%clk 0:00:47]} Nxd5 {[%clk 0:07:57]} 31. Qe2 {[%clk 0:01:04]} Qc6
{[%clk 0:07:09]} 32. Kh2 {[%clk 0:00:42]} Nf6 {[%clk 0:07:12]} 33. Nd4
{[%clk 0:00:34]} Qe4 {[%clk 0:07:03]} 34. Qxe4 {[%clk 0:00:32]} Nxe4
{[%clk 0:07:30]} 35. Kg2 {[%clk 0:00:55]} Nd6 {[%clk 0:03:03]} 36. b4
{[%clk 0:00:32]} b5 {[%clk 0:02:24]} 37. Nc6 {[%clk 0:00:37]} a6 {[%clk 0:01:16]}
38. Nb8 {[%clk 0:00:44]} Nc4 {[%clk 0:01:40]} 39. Nxa6 {[%clk 0:01:06]} Nxa3
{[%clk 0:02:08]} 40. Kf3 {[%clk 0:00:48]} f5 {[%clk 0:01:37]} 41. Ke3
{[%clk 0:24:34]} e5 {[%clk 0:30:15]} 42. Kd3 {[%clk 0:21:53]} Kf6
{[%clk 0:22:49]} 43. Nc7 {[%clk 0:20:50]} Ke7 {[%clk 0:17:19]} 44. Nd5+
{[%clk 0:19:38]} Ke6 {[%clk 0:13:17]} 45. Ne3 {[%clk 0:16:10]} h5
{[%clk 0:12:21]} 46. Nd1 {[%clk 0:05:15]} Nc4 {[%clk 0:10:32]} 47. Nc3
{[%clk 0:05:29]} Nd6 {[%clk 0:10:57]} 48. f3 {[%clk 0:04:33]} h4 {[%clk 0:08:15]}
49. gxh4 {[%clk 0:02:39]} gxh4 {[%clk 0:08:44]} 50. Ke3 {[%clk 0:03:03]} f4+
{[%clk 0:04:29]} 51. Ke2 {[%clk 0:03:26]} Kf5 {[%clk 0:04:20]} 52. Kd3
{[%clk 0:03:47]} e4+ {[%clk 0:04:11]} 53. fxe4+ {[%clk 0:03:56]} Ke5
{[%clk 0:04:37]} 54. Ke2 {[%clk 0:01:45]} Kd4 {[%clk 0:04:43]} 55. e5
{[%clk 0:01:38]} Kxe5 {[%clk 0:04:55]} 56. Kf3 {[%clk 0:02:04]} Kf5
{[%clk 0:00:43]} 57. Nd5 {[%clk 0:02:23]} Nf7 {[%clk 0:00:37]} 58. Nxf4
{[%clk 0:02:33]} Ng5+ {[%clk 0:00:51]} 59. Ke3 {[%clk 0:02:58]} Ke5
{[%clk 0:01:10]} 60. Ng6+ {[%clk 0:03:08]} Kd5 {[%clk 0:01:34]} 61. Nxh4
{[%clk 0:02:44]} Kc4 {[%clk 0:01:38]} 62. Nf5 {[%clk 0:03:06]} Nxh3
{[%clk 0:01:55]} 63. Nd6+ {[%clk 0:03:28]} Kxb4 {[%clk 0:02:22]} 64. Nxb5
1/2-1/2

[Event "Landsturneringen 2017"]
[Site "Clarion Energy Hotel, Stavanger"]
[Date "2017.07.03"]
[Round "4"]
[White "Hammer, Jon Ludvig"]
[Black "Agdestein, Simen"]
[Result "1/2-1/2"]
[WhiteElo "2628"]
[BlackElo "2604"]
[PlyCount "97"]

1. Nf3 {[%clk 1:30:26]} Nf6 {[%clk 1:30:47]} 2. c4 {[%clk 1:26:47]} b6
{[%clk 1:30:27]} 3. g3 {[%clk 1:27:00]} c5 {[%clk 1:30:08]} 4. Bg2
{[%clk 1:27:22]} Bb7 {[%clk 1:30:37]} 5. O-O {[%clk 1:27:01]} e6 {[%clk 1:30:40]}
6. b3 {[%clk 1:13:16]} Be7 {[%clk 1:30:27]} 7. Bb2 {[%clk 1:13:40]} O-O
{[%clk 1:30:03]} 8. e3 {[%clk 1:11:01]} a6 {[%clk 1:26:01]} 9. Qe2
{[%clk 1:09:21]} b5 {[%clk 1:18:45]} 10. Rd1 {[%clk 0:57:59]} bxc4
{[%clk 1:17:12]} 11. Qxc4 {[%clk 0:55:40]} d5 {[%clk 1:11:39]} 12. Qe2
{[%clk 0:55:24]} a5 {[%clk 1:08:29]} 13. Ne5 {[%clk 0:45:43]} Ba6
{[%clk 0:57:18]} 14. d3 {[%clk 0:45:20]} Nfd7 {[%clk 0:52:29]} 15. Nxd7
{[%clk 0:44:49]} Nxd7 {[%clk 0:50:45]} 16. Nc3 {[%clk 0:45:12]} Nb6
{[%clk 0:48:01]} 17. Rac1 {[%clk 0:43:37]} Qd7 {[%clk 0:44:44]} 18. a4
{[%clk 0:39:12]} Rfc8 {[%clk 0:34:53]} 19. Qd2 {[%clk 0:36:28]} Qd8
{[%clk 0:31:01]} 20. Nb1 {[%clk 0:35:05]} Nd7 {[%clk 0:29:37]} 21. Bc3
{[%clk 0:29:20]} Qb6 {[%clk 0:17:11]} 22. Bxa5 {[%clk 0:23:57]} Qxb3
{[%clk 0:17:04]} 23. Nc3 {[%clk 0:24:12]} Bxd3 {[%clk 0:13:53]} 24. Qxd3
{[%clk 0:20:33]} c4 {[%clk 0:10:37]} 25. Qd2 {[%clk 0:08:41]} Rxa5
{[%clk 0:11:00]} 26. e4 {[%clk 0:09:11]} Bb4 {[%clk 0:06:31]} 27. exd5
{[%clk 0:09:39]} exd5 {[%clk 0:06:20]} 28. Bxd5 {[%clk 0:05:56]} Nf6
{[%clk 0:05:27]} 29. Bb7 {[%clk 0:06:03]} Rf8 {[%clk 0:05:08]} 30. Bg2
{[%clk 0:03:22]} Rxa4 {[%clk 0:04:57]} 31. Qd4 {[%clk 0:03:35]} Ra5
{[%clk 0:01:35]} 32. Nd5 {[%clk 0:03:34]} Nxd5 {[%clk 0:01:43]} 33. Bxd5
{[%clk 0:04:02]} Bc5 {[%clk 0:01:48]} 34. Qxc4 {[%clk 0:02:01]} Qxc4
{[%clk 0:02:13]} 35. Rxc4 {[%clk 0:02:16]} g6 {[%clk 0:02:20]} 36. Rf4
{[%clk 0:02:17]} Kg7 {[%clk 0:02:33]} 37. Bb3 {[%clk 0:01:46]} Ra3
{[%clk 0:02:04]} 38. Rd3 {[%clk 0:01:42]} h5 {[%clk 0:01:29]} 39. Kg2
{[%clk 0:02:06]} Ra6 {[%clk 0:01:07]} 40. Rd5 {[%clk 0:02:18]} Ba3
{[%clk 0:01:03]} 41. Rd7 {[%clk 0:02:07]} Rf6 {[%clk 0:01:26]} 42. Rxf6
{[%clk 0:00:58]} Kxf6 {[%clk 0:01:53]} 43. h4 {[%clk 0:28:17]} Be7
{[%clk 0:30:38]} 44. Rb7 {[%clk 0:28:43]} Rc8 {[%clk 0:28:43]} 45. f3
{[%clk 0:29:03]} Rc3 {[%clk 0:28:05]} 46. g4 {[%clk 0:28:10]} hxg4
{[%clk 0:27:55]} 47. fxg4 {[%clk 0:28:33]} Kg7 {[%clk 0:27:17]} 48. Rxe7
{[%clk 0:28:16]} Rxb3 {[%clk 0:27:45]} 49. g5 {[%clk 0:28:37]}
1/2-1/2

[Event "Landsturneringen 2017"]
[Site "Clarion Energy Hotel, Stavanger"]
[Date "2017.07.03"]
[Round "4"]
[White "Tari, Aryan"]
[Black "Urkedal, Frode Olav Olsen"]
[Result "1/2-1/2"]
[WhiteElo "2593"]
[BlackElo "2541"]
[PlyCount "38"]

1. c4 {[%clk 1:30:57]} Nf6 {[%clk 1:30:28]} 2. Nc3 {[%clk 1:31:01]} e6
{[%clk 1:30:33]} 3. e4 {[%clk 1:29:10]} d5 {[%clk 1:29:02]} 4. e5
{[%clk 1:28:10]} d4 {[%clk 1:29:24]} 5. exf6 {[%clk 1:28:09]} dxc3
{[%clk 1:29:45]} 6. bxc3 {[%clk 1:28:13]} Qxf6 {[%clk 1:30:05]} 7. d4
{[%clk 1:27:23]} e5 {[%clk 1:29:41]} 8. Nf3 {[%clk 1:26:28]} exd4
{[%clk 1:29:33]} 9. Bg5 {[%clk 1:18:59]} Qe6+ {[%clk 1:29:13]} 10. Be2
{[%clk 1:18:57]} Be7 {[%clk 1:28:46]} 11. cxd4 {[%clk 1:03:35]} Bxg5
{[%clk 1:24:15]} 12. Nxg5 {[%clk 1:03:57]} Qg6 {[%clk 1:22:30]} 13. Qd2
{[%clk 1:01:35]} O-O {[%clk 1:21:31]} 14. O-O {[%clk 0:55:46]} h6
{[%clk 1:20:31]} 15. Nf3 {[%clk 0:56:02]} Bh3 {[%clk 1:20:13]} 16. Nh4
{[%clk 0:52:21]} Qf6 {[%clk 1:18:19]} 17. Nf3 {[%clk 0:50:06]} Qg6
{[%clk 1:17:39]} 18. Nh4 {[%clk 0:33:33]} Qf6 {[%clk 1:17:52]} 19. Nf3
{[%clk 0:33:38]} Qg6
1/2-1/2

[Event "Landsturneringen 2017"]
[Site "Clarion Energy Hotel, Stavanger"]
[Date "2017.07.03"]
[Round "4"]
[White "Lie, Kjetil A."]
[Black "Moen, Andreas G.R."]
[Result "1-0"]
[WhiteElo "2539"]
[BlackElo "2330"]
[PlyCount "77"]

1. d4 d5 {[%clk 1:26:44]} 2. Bf4 {[%clk 1:30:09]} c5 {[%clk 1:13:43]} 3. e3
{[%clk 1:28:50]} Nc6 {[%clk 1:13:59]} 4. c3 {[%clk 1:28:21]} Nf6 {[%clk 1:10:48]}
5. Nd2 {[%clk 1:27:01]} Bg4 {[%clk 1:00:01]} 6. Ngf3 {[%clk 1:14:28]} cxd4
{[%clk 0:54:49]} 7. exd4 {[%clk 1:13:54]} e6 {[%clk 0:51:05]} 8. Qb3
{[%clk 1:00:20]} Qb6 {[%clk 0:48:30]} 9. Qxb6 {[%clk 0:49:03]} axb6
{[%clk 0:48:18]} 10. Ne5 {[%clk 0:49:25]} Bf5 {[%clk 0:39:01]} 11. Bb5
{[%clk 0:44:19]} Rc8 {[%clk 0:39:28]} 12. Ndf3 {[%clk 0:26:08]} Bd6
{[%clk 0:25:15]} 13. Nh4 {[%clk 0:19:34]} Nh5 {[%clk 0:09:40]} 14. Nxf5
{[%clk 0:15:53]} exf5 {[%clk 0:10:04]} 15. Be3 {[%clk 0:10:29]} f6
{[%clk 0:08:35]} 16. Nd3 {[%clk 0:06:34]} f4 {[%clk 0:09:00]} 17. Bd2
{[%clk 0:07:00]} Kf7 {[%clk 0:09:20]} 18. O-O {[%clk 0:06:56]} g5
{[%clk 0:09:25]} 19. Rfe1 {[%clk 0:06:23]} Ng7 {[%clk 0:08:43]} 20. Ba4
{[%clk 0:06:15]} Na5 {[%clk 0:07:38]} 21. Re2 {[%clk 0:05:05]} Rc7
{[%clk 0:07:21]} 22. Rae1 {[%clk 0:05:15]} Re7 {[%clk 0:05:59]} 23. Rxe7+
{[%clk 0:05:03]} Bxe7 {[%clk 0:06:28]} 24. Bd1 {[%clk 0:05:10]} Rd8
{[%clk 0:05:52]} 25. Bf3 {[%clk 0:04:53]} Nc6 {[%clk 0:04:41]} 26. g3
{[%clk 0:04:29]} fxg3 {[%clk 0:05:01]} 27. fxg3 {[%clk 0:04:25]} Bf8
{[%clk 0:05:30]} 28. Rf1 {[%clk 0:03:35]} Kg6 {[%clk 0:05:20]} 29. Bd1
{[%clk 0:03:16]} h6 {[%clk 0:05:29]} 30. Bc2 {[%clk 0:03:30]} Kf7
{[%clk 0:04:30]} 31. Ne5+ {[%clk 0:03:13]} Nxe5 {[%clk 0:04:27]} 32. dxe5
{[%clk 0:03:42]} f5 {[%clk 0:02:34]} 33. h4 {[%clk 0:02:57]} Be7 {[%clk 0:01:57]}
34. hxg5 {[%clk 0:02:24]} hxg5 {[%clk 0:02:25]} 35. Bxf5 {[%clk 0:02:11]} Nxf5
{[%clk 0:02:50]} 36. g4 {[%clk 0:01:52]} Ke6 {[%clk 0:03:12]} 37. gxf5+
{[%clk 0:01:52]} Kxe5 {[%clk 0:03:36]} 38. Re1+ {[%clk 0:02:18]} Kd6
{[%clk 0:01:58]} 39. Rxe7 {[%clk 0:02:25]}
1-0

[Event "Landsturneringen 2017"]
[Site "Clarion Energy Hotel, Stavanger"]
[Date "2017.07.03"]
[Round "4"]
[White "Haug, Johannes"]
[Black "Elsness, Frode"]
[Result "1/2-1/2"]
[WhiteElo "2335"]
[BlackElo "2466"]
[PlyCount "114"]

1. d4 {[%clk 1:30:53]} Nf6 {[%clk 1:24:51]} 2. c4 {[%clk 1:30:42]} e6
{[%clk 1:25:18]} 3. Nf3 {[%clk 1:30:39]} d5 {[%clk 1:25:45]} 4. Nc3
{[%clk 1:30:42]} Bb4 {[%clk 1:25:24]} 5. Qb3 {[%clk 1:29:29]} c5 {[%clk 1:24:37]}
6. dxc5 {[%clk 1:24:09]} Nc6 {[%clk 1:24:04]} 7. Bg5 {[%clk 1:21:22]} h6
{[%clk 1:10:48]} 8. Bxf6 {[%clk 1:19:07]} Qxf6 {[%clk 1:11:13]} 9. e3
{[%clk 1:18:38]} dxc4 {[%clk 1:02:33]} 10. Bxc4 {[%clk 0:55:18]} Qe7
{[%clk 0:58:57]} 11. O-O {[%clk 0:49:34]} Bxc5 {[%clk 0:58:45]} 12. Rfd1
{[%clk 0:36:05]} O-O {[%clk 0:58:42]} 13. Be2 {[%clk 0:34:17]} Bb6
{[%clk 0:49:25]} 14. Na4 {[%clk 0:29:05]} Bc7 {[%clk 0:49:27]} 15. Rac1
{[%clk 0:28:56]} Rd8 {[%clk 0:45:17]} 16. Rxd8+ {[%clk 0:26:12]} Bxd8
{[%clk 0:37:00]} 17. a3 {[%clk 0:11:30]} e5 {[%clk 0:33:27]} 18. Nc5
{[%clk 0:10:10]} b6 {[%clk 0:23:20]} 19. Qd5 {[%clk 0:07:15]} bxc5
{[%clk 0:23:39]} 20. Qxc6 {[%clk 0:07:33]} Bb7 {[%clk 0:23:55]} 21. Qa4
{[%clk 0:07:23]} e4 {[%clk 0:18:02]} 22. Nd2 {[%clk 0:07:02]} Bb6
{[%clk 0:17:32]} 23. Ba6 {[%clk 0:04:59]} Bd5 {[%clk 0:12:35]} 24. Bc4
{[%clk 0:05:14]} Bb7 {[%clk 0:12:57]} 25. Ba6 {[%clk 0:05:09]} Bxa6
{[%clk 0:08:07]} 26. Qxa6 {[%clk 0:05:09]} Rd8 {[%clk 0:08:33]} 27. Nf1
{[%clk 0:02:13]} Qe5 {[%clk 0:06:40]} 28. Qb5 {[%clk 0:02:30]} Rd5
{[%clk 0:05:26]} 29. Qb3 {[%clk 0:01:29]} Rd3 {[%clk 0:04:16]} 30. Qc2
{[%clk 0:01:12]} Qd6 {[%clk 0:03:19]} 31. h3 {[%clk 0:01:07]} f5 {[%clk 0:02:35]}
32. Qa4 {[%clk 0:00:36]} Qd7 {[%clk 0:02:08]} 33. Qc4+ {[%clk 0:00:50]} Qd5
{[%clk 0:02:20]} 34. Qa4 {[%clk 0:01:14]} Kh7 {[%clk 0:01:21]} 35. Qc2
{[%clk 0:00:35]} Kg6 {[%clk 0:00:52]} 36. Qa4 {[%clk 0:00:32]} Kh7
{[%clk 0:01:12]} 37. Qc2 {[%clk 0:00:49]} Qb3 {[%clk 0:00:45]} 38. Qxb3
{[%clk 0:00:35]} Rxb3 {[%clk 0:01:13]} 39. Rc2 {[%clk 0:00:50]} Rd3
{[%clk 0:01:42]} 40. g4 {[%clk 0:00:33]} g6 {[%clk 0:00:44]} 41. Ng3
{[%clk 0:20:27]} Rd5 {[%clk 0:30:41]} 42. Kg2 {[%clk 0:14:26]} Kg7
{[%clk 0:27:28]} 43. gxf5 {[%clk 0:11:38]} gxf5 {[%clk 0:27:57]} 44. f3
{[%clk 0:11:42]} exf3+ {[%clk 0:26:12]} 45. Kxf3 {[%clk 0:12:07]} Kf7
{[%clk 0:14:46]} 46. Ne2 {[%clk 0:07:12]} Rd3 {[%clk 0:13:27]} 47. Nf4
{[%clk 0:06:02]} Rb3 {[%clk 0:13:04]} 48. Nd5 {[%clk 0:05:07]} Rd3
{[%clk 0:12:22]} 49. Nxb6 {[%clk 0:02:53]} axb6 {[%clk 0:12:49]} 50. b4
{[%clk 0:02:31]} Rxa3 {[%clk 0:11:54]} 51. bxc5 {[%clk 0:02:47]} bxc5
{[%clk 0:12:23]} 52. Rxc5 {[%clk 0:03:00]} Kf6 {[%clk 0:12:22]} 53. Rc4
{[%clk 0:01:46]} Kg5 {[%clk 0:12:40]} 54. Rb4 {[%clk 0:02:02]} Ra1
{[%clk 0:12:43]} 55. Kg3 {[%clk 0:02:03]} Rg1+ {[%clk 0:09:30]} 56. Kf2
{[%clk 0:02:03]} Rh1 {[%clk 0:09:47]} 57. Kg2 {[%clk 0:02:21]} Re1
{[%clk 0:10:06]}
1/2-1/2